|
|
|
|
| LEADER |
00000nam a22000007a 4500 |
| 008 |
240715b |||||||| |||| 00| 0 eng d |
| 020 |
|
|
|a 978-3-319-46214-4
|
| 245 |
|
|
|a DIGITAL workplace learning:
|b bridging formal and information learning with digital technologies
|c edited by Dirk Ifenthal
|g xxiv, 325p. : ill.
|
| 250 |
|
|
|c Dirk Ifenthaler
|
| 260 |
|
|
|b Springer,
|c 2018.
|h New York:
|i 701516
|l LB1028.3 .D56
|m Educational technology – Social aspects.
|m Computer – Assisted instruction.
|
| 500 |
|
|
|a “It includes references and index”
|
| 942 |
|
|
|a lcc
|c BK
|e Adeniran, F. A
|
| 952 |
|
|
|0 0
|1 0
|2 lcc
|4 0
|6 LB10283 D56
|7 0
|9 5397
|a HOL
|b HOL
|c QZ
|d 2024-07-15
|l 0
|o LB1028.3 .D56
|p 2024-0638
|r 2024-07-15 00:00:00
|t 701516
|w 2024-07-15
|y BK
|
| 999 |
|
|
|c 2669
|d 2669
|